LEADER 01255nam a2200289 i 4500 001 000000130500 003 CaOOAMICUS 005 20230320143428.0 008 041027s2004 it u000 u ita u 013 $a103235 040 $aSeMil$bita 245 10$aI-Z. 260 $aCinisello Balsamo :$bSan Paolo,$c2004. 300 $aP. 760-1540 , [32] p. di tav. :$bill. ;$c26 cm. 650 4$aIconografia.$0(OLS)http://semarc/subject/1742 650 4$aArte cristiana - Enciclopedie e dizionari.$0(OLS)http://semarc/subject/761 700 1 $aGuerriero, Elio,$d<1948- >.$0(OLS)http://semarc/name/487 700 1 $aCastelfranchi Vegas, Liana,$d<1924-2013>.$0(OLS)http://semarc/name/9118 700 1 $aCrippa, Maria Antonietta.$0(OLS)http://semarc/name/2705 700 1 $aCassanelli, Roberto.$0(OLS)http://semarc/name/2706 773 0 $tIconografia e arte cristiana.$dCinisello Balsamo : San Paolo, 2004-$z88-215-4455-9$g2$w()4084 850 $aSeMil 852 $aSeMil$W1$xVenegono$y1$mSL1.B III 20$j84543$B84543$CSeMilBibl$Z2$F88303 $8I 961 $aAcquisto: San Paolo 996 $6245$aI-Z$9(OLS)http://semarc/title/143947 996 $6260$aCinisello Balsamo :$bSan Paolo$9(OLS)http://semarc/publisher/30129 LEADER 01027nam a2200253 i 4500 001 000000199630 003 CaOOAMICUS 005 20110325000000.0 008 110325s2010 it u000 u ita u 013 $a178322 020 $a978-88-10-80243-4 040 $aSeMil$bita 245 10$aFede e costituzione: Meeting 1967-1982 /$ca cura di Stefano Rosso e Gianfranco Ceronetti. 300 $aLXXXV, 1338, 76 p. 490 0 $aStrumenti 700 1 $aCeronetti, Gianfranco.$0(OLS)http://semarc/name/72227 700 1 $aRosso, Stefano <1931- >.$0(OLS)http://semarc/name/15206 773 0 $tEnchiridion Oecumenicum.$dBologna : EDB, 1986.$g9$w()785 830 0$aStrumenti.$0(OLS)http://semarc/title/6054 850 $aSeMil 852 $aSeMil$W1$xVenegono$y1$mSL1.X IV 39/1$j150171$B150171$CSeMilBibl$Z2$F161523 $8I 961 $aSottoscrizione: Cittą Nuova (Agente) 996 $6020$a978-88-10-80243-4$9(OLS)http://semarc/number/192022 996 $6245$aFede e costituzione: Meeting 1967-1982$9(OLS)http://semarc/title/288620